Ο διευθυντής του σχολείου ως ηγέτης : μεταπτυχιακή εργασία
Αποθηκεύτηκε σε:
| Κύριος συγγραφέας: | |
|---|---|
| Συγγραφή απο Οργανισμό/Αρχή: | |
| Άλλοι συγγραφείς: | |
| Μορφή: | Thesis Βιβλίο |
| Γλώσσα: | Greek |
| Δημοσίευση: |
2011
|
| Θέματα: | |
| Διαθέσιμο Online: | http://hdl.handle.net/11610/13428 |
| Ετικέτες: |
Προσθήκη ετικέτας
Δεν υπάρχουν, Καταχωρήστε ετικέτα πρώτοι!
|
MARC
| LEADER | 00000cam a2200000 i 4500 | ||
|---|---|---|---|
| 001 | 1/22120 | ||
| 008 | 120726s2011 gre d | ||
| 035 | |l 10112997 | ||
| 040 | |a GR-MY-UA |b gre |e aacr | ||
| 041 | 0 | |a gre | |
| 082 | 0 | |a 371.2 |2 (22) | |
| 100 | 1 | |a Αργυράκη, Αγγελική. | |
| 245 | 1 | 2 | |a Ο διευθυντής του σχολείου ως ηγέτης : |b μεταπτυχιακή εργασία / |c Αγγελική Αργυράκη ; Μάιρα Στογιαννίδου |
| 260 | |c 2011 | ||
| 300 | |a 125 σ.; |b διαγρ., πίν.; |c 30 εκ. | ||
| 502 | |a Διατριβή (μεταπτυχιακή) – Πανεπιστήμιο Αιγαίου, Χίος, 2011. | ||
| 504 | |a Βιβλιογραφία: σ.90-97 | ||
| 650 | 0 | 0 | |a Elementary school administration |z Greece. |
| 650 | 0 | 0 | |a Dissertations, Academic |z Greece. |
| 700 | 1 | |a Στογιαννίδου, Μαριάνθη. |4 ths | |
| 710 | 2 | |a Πανεπιστήμιο Αιγαίου |b Σχολή Επιστημών της Διοίκησης |b Τμήμα Διοίκησης Επιχειρήσεων |b Πρόγραμμα Μεταπτυχιακών Σπουδών "Σχεδιασμός, Διοίκηση και Πολιτική του Τουρισμού". | |
| 852 | |a INST |b CHIOS |c DIATR |e 20120726 |h 371.2 ΑΡΓ |p 005200031576 |q 005200031576 |t MTXE |y 23 | ||
| 852 | |a INST |b CHIOS |c DIATR |e 20120726 |h 371.2 ΑΡΓ |p 005200031580 |q 005200031580 |t MTXE |y 23 | ||
| 856 | |u http://hdl.handle.net/11610/13428 | ||
| 901 | |a BIBL2-2012-2 | ||
| 909 | |a Χ |b 149555 | ||
| 909 | |a Χ |b 149562 | ||
| 924 | |a ΑΡΓΥΡΑΚΗ |b ΑΓΓΕΛΙΚΗ |y ΧΙΟΣ |z 2011-06 | ||
| 970 | |a ΣΠΕΝΤΖΑ |b ΕΛΕΝΗ |z 2012/07/26 | ||